Women's participation in small ruminant enterprise : a case study of three Felda Schemes in Negeri Sembilan

Bibliographic Details
Main Author: Jahara Yahya
Format: Book
Published: K.L : Uni.Malaya , 1991
Subjects:

MARC

LEADER 00000cam a2200000 7i4500
001 0000002969
002 000003214
005 20071224.0
020 |a 9839576143 
090 0 0 |a 331.48309595117   |b JAH 
100 0 |a Jahara Yahya 
245 1 0 |a Women's participation in small ruminant enterprise :   |b a case study of three Felda Schemes in Negeri Sembilan   |c Jahara Yahya 
260 |a K.L :   |b Uni.Malaya ,   |c 1991 
300 |a 58p. ;   |c 22cm. 
650 0 0 |a Women in agriculture   |z Negeri Sembilan   |x Case studies 
999 |a 036523   |b BUKU   |c MALAYSIANA   |e PERPUSTAKAAN KOMUNITI PETALING JAYA